| 000 | 00497cam a2200145 4500500 | ||
|---|---|---|---|
| 005 | 20260329015419.0 | ||
| 041 | _afre | ||
| 042 | _adc | ||
| 100 | 1 | 0 |
_aGuidon-Le Brun, Maryvonne _eauthor |
| 245 | 0 | 0 | _aWhen and how to replace PPE? |
| 260 | _c2026. | ||
| 500 | _a8 | ||
| 786 | 0 | _nChemical risk prevention manager | - | 2026-03-11 | p. 76-76 | |
| 856 | 4 | 1 | _uhttps://stm.cairn.info/chemical-risk-management-health-and-safety-at-work--bdti22743210-fic0185-page-76?lang=en&redirect-ssocas=7080 |
| 999 |
_c1897673 _d1897673 |
||